| 000 | 00622nam a2200205 u 4500 | ||
|---|---|---|---|
| 005 | 20240925064456.0 | ||
| 008 | 130128s1983 ve r 000 0 spa d | ||
| 020 | _a9802570761 | ||
| 035 | _aUPN01000189332 | ||
| 049 | _aI | ||
| 050 | 4 |
_aPQ8179 C3.6 _bR6.2 |
|
| 100 | 1 |
_aCanal Ramírez, Gonzalo, _d1916- _933908 |
|
| 245 | 1 | 3 |
_aEl robo de las Aes / _cGonzalo Canal Ramírez contado por Germán Ramos ; il. Peli. |
| 260 |
_aCaracas : _bEkaré, _c1983. |
||
| 300 |
_a[45] p. : _bil. col. |
||
| 650 | 0 |
_aCuentos infantiles colombianos _94407 |
|
| 650 | 4 |
_aPadres e hijos _91360 |
|
| 905 | _aInfantil | ||
| 999 |
_c161435 _d161435 |
||